Quiz sur Saumur - Statistiques

Statistiques générales
  • Ce quiz a été pris 82 fois
  • Le résultat moyen est 6 sur 10
Statistiques - réponses
Hint Réponse % Correct
Fleuve qui traverse la ville Loire
100%
Département Maine-et Loire (49)
100%
Produit de consommation pour lequel Saumur est réputé Vin
89%
Monument surplombant la ville Château
83%
Symbole de la ville Cheval
69%
Musée militaire situé à Saumur Musée des blindés
64%
Religion qui fît la grandeur de Saumur à partir du 16e siècle Protestantisme
61%
Maire de Saumur Jackie Goulet
38%
Capitale européenne avec laquelle Saumur est comparée en raison de son panorama Bratislava
14%
Élèves officiers de l’école de cavalerie de Saumur, qui furent considérés comme les premiers résistants en raison des combats qu’ils ont menés en juin 1940, malgré l’appel de Philippe Pétain à l’armistice. Cadets de Saumur
14%
Aucun quiz correspondant
Distribution des résultats
% des personnes avec chaque résultat
Percentile par nombre de réponses
Votre historique - résultats
Vous n’avez pas pris ce quiz